000 00713cab a2200205 4500
001 WB2721-27
008 090401t1991 xxu||||| |||| 00| 0 eng d
035 _a(Sirsi) u59703
041 _aeng
245 _aCosts award
260 _c1991
350 _a0
490 _aChartered Surveyor Weekly
_vvol 35 no 9 30/5/91 p58
520 _aDiscusses the case of re Land & Property Trust Co plc and others, CA 2 May 1991, which considered whether the directors of a company, who were not themselves party to proceedings , should be liable to pay the costs of other parties to the proceedings.
650 _aLAW CASES
650 _aSUPREME COURT ACT 1981
690 _aLAW
942 _n0
948 _c04/03/1997
999 _c36674
_d36674